000 02336cam a22004814i 4500
003 PE-LiUPU
005 20250731173340.0
008 150706s r 000 0 d
020 _a950786444X
035 _a(Sirsi) i9789507864445
040 _aPE-LiUPU
_bspa
_cPE-LiUPU
_erda
049 _aPRUA
082 0 4 _a262.7
_bB26
_221
100 1 _aBauer, Horacio W.,
_eautor.
245 1 0 _aConstrucción de la iglesia :
_b¿una, santa, católica y apostólica? /
_cHoracio W. Bauer.
264 1 _aBuenos Aires :
_bBiblos,
_c2004.
300 _a750 páginas ;
_c23 cm.
336 _atext
_2rdacontent
337 _aunmediated
_2rdamedia
338 _avolume
_2rdacarrier
490 0 _aSociedad y religión
504 _aIncluye bibliografía.
505 0 _aTemieron y se dispersaron -- ¿Llenos de mosto? -- ¿Por qué me persigue? -- Apóstoles y comunidades -- Crimen laesae romane religionis -- Turbulencias en la cristiandad originaria y dispersión -- ¡Conocimiento !Saber¡ -- Urbis et orbis -- Aquellos cristiano -- Los doctores disputan -- Un emperador supersticioso y pragmático -- De fide católica -- Bizancio -- ¿Y Roma? -- Islam, entregarse a Dios -- "Mientras en Oriente" -- Carlomagno -- Imágenes e iconoclastia -- Adopcionistas, predestinacionistas y virtudes eucarísticas -- Los esclavos -- El cisma -- El sello católico romano se configura en el siglo XI -- Militicia Christi -- Croisade des albigeois -- Techos que son manos orante -- "Nacque al mondo un sole" -- El orden intelectual -- El orden mísitico medieval.
526 _aSEG42
526 _aSEG41
526 _aSEG40
526 _aSEG39
526 _aP94
526 _aP87
526 _aP86
526 _aP85
526 _aP77
526 _aP76
526 _aP35
541 _g002-006353;
650 0 4 _aIglesia Católica
_xHistoria.
910 _agl
_bjv
_cng
_d20090909
942 _2ddc
_cBOOK
949 _a262.7 B26
_wDEWEY
_c1
_i60279
_lCCODEBUL1
_mBUL
_p48.00
_r0
_sY
_tBOOK
_u2015-7-6
_xTEOLOGIA
_zUNKNOWN
_o.STAFF. Colección General
994 _aC0
_bPEPRU
596 _a1
999 _a262.7 B26
_wDEWEY
_c49738
_i60279
_d49738
_f2021-11-9
_g5
_lCCODEBUL1
_mBUL
_p48.00
_q1
_r0
_sY
_tBOOK
_u2015-7-6
_xTEOLOGIA
_zUNKNOWN
_o.STAFF. Colección General
980 _81
_gALBERTO SANCHEZ Responsable de Automatización